Stará Praha : 100 akvarellů Vácslava Jansy. [1], text

Hlavní autor: Jansa, Václav, 1859-1913
Jazyk: Čeština
Vydáno: Praha, 1901
Edice: České umění
Fyzický popis: 278 s.
Knihy
Uloženo v:
LEADER 00776nam a22002172a 4500
001 000359207
003 CZ BrMZK
005 20180918122010.0
008 980105s1901 xr f cze d
040 |a BOA001  |b cze 
100 1 |a Jansa, Václav,  |d 1859-1913  |7 jk01051134 
245 1 0 |a Stará Praha :  |b 100 akvarellů Vácslava Jansy.  |n [1], text 
260 |a Praha,  |c 1901 
300 |a 278 s. 
490 1 |a České umění : sbírka uměleckých děl ;  |v Dílo 1 
830 0 |a České umění 
910 |a BOA001  |b Skř.5J-0021.611,1 
990 |a BK 
993 |a Y 
996 6 |b 2619760314  |c Skř.5J-0021.611,1  |l MZK  |r Sklad / do 24 hodin  |n 0  |w 000359207  |u 000020  |a 1  |e BOA001  |j MZK50  |s P 
996 6 |b 2619823454  |c Skř.5J-0021.611,1  |l MZK  |r Sklad / do 24 hodin  |n 1  |w 000359207  |u 000010  |a 1  |e BOA001  |j MZK50  |s P